| 000 | 00671nam a2200205 i 4500 | ||
|---|---|---|---|
| 001 | 135212 | ||
| 003 | ES-MaACL | ||
| 005 | 20230906194830.0 | ||
| 007 | t| | ||
| 008 | 070711s1978 sp ||||1| spa d | ||
| 080 | _a821.111-31"19" | ||
| 100 | 1 |
_aTolkien, J. R. R. _9110463 |
|
| 245 | 1 | 3 |
_aEl señor de los anillos / _cJ.R.R. Tolkien ; [traducción de Luis Domènech]. |
| 250 | _a[2ª ed.]. | ||
| 260 |
_a[Barcelona] : _bMinotauro, _c[1978] |
||
| 300 |
_a3 v. ; _c21 cm. |
||
| 505 | 8 | _aContiene: v. I. La comunidad del anillo.-- v. II. Las dos torres.-- v. III. El retorno del rey | |
| 700 | 1 |
_aDomènech, Luis. _945082 |
|
| 852 |
_aES-MaACL _jL-10957-9 _bR.100897 |
||
| 999 |
_c135212 _d135212 |
||